000 01464nam a22003737a 4500
003 BPGM
008 260630b mx ||||| |||| 00| 0 spa d
020 _a978-607-7906-17-9 (OBRA COMPLETA)
020 _a978-607-7906-23-0
040 _bSPA
041 _aSPA
_hSPA
082 0 4 _aCQ / 709.7245
_bC37
100 _aMAYA MORENO, RUBÉN
_eCOORDINADOR
110 _aGOBIERNO DEL ESTADO DE QUERÉTARO
245 _aCATÁLOGO CIEN AÑOS DE ARTE EN QUERÉTARO
_bARTES VISUALES
260 _aQUERÉTARO
_bINSTITUTO QUERETANO DE LA CULTURA Y LAS ARTES
_c2012
300 _a119 PÁGINAS
_c28 CM X 21.5 CM
336 _2rdacontent
_atexto
_btxt
337 _2rdamedia
_asin mediación
_bn
338 _2rdacarrier
_avolumen
_bnc
490 0 _aCATÁLOGO
_vV.4
505 _aDOCUMENTA LA PRODUCCIÓN PLÁSTICA LOCAL Y LAS GENERACIONES DE CREADORES A LO LARGO DE UN SIGLO, CON LA INVESTIGACIÓN DE 100 ESPECIALISTAS Y APOYO DE CONACULTA.
650 _2LAS ARTES BELLAS ARTES Y ARTES DECORATIVAS
650 _2TRATAMIENTO HISTÓRICO, GEOGRÁFICO, DE PERSONAS
700 _aVÁZQUEZ VILLARRUEL, MANUEL
_eFOTÓGRAFO
700 _aAGUIRRE, IMELDA
_bFOTÓGRAFA
700 _aVALENCIA, RAMIRO
_eFOTÓGRAFO
700 _aMURILLO, EUNICE
_eFOTÓGRAFA
700 _aMALDONADO LUNA, MARÍA CRISTINA
_eFOTÓGRAFA
700 _aVEGA ADAME, SAMUEL
_eFOTÓGRAFO
700 _aALCOCER, GONZALO
_eFOTÓGRAFO
700 _aBECA SUQUET, ELENA
_eFOTÓGRAFA
942 _2ddc
_cCOLQ
999 _c68714
_d68714